00395nam a2200145Ia 4500008004100000100001800041245005000059245001700109260002400126260000900150300002400159440003300183650001400216650001900230190430s9999 xx 000 0 und d aMateo, Janvic aComprehensive school safety program launched/ cJanvic Mateo bThe Philippine Star c2019 aPage 12, January 17 aThe Philippine Starv33: 174 aEducation asafety program